000 00822nam a2200229Ia 4500
001 8995
003 GE_BSU
008 181216s||||||||xx |||||||||||||| ||und||
040 _cGE_BSU
080 _a821.353.1–311.6
100 _aკასრაძე,ქართლოს
245 _aფარნავაზ
245 _bისტ.რომანი
245 _cწინათქმის ავტ.ნ.ლომოური.რედ. ელგუჯა მაღრაძე,მხატვ.მერაბ კასრაძე,ნაისი კასრაძე
260 _aთბილისი
260 _bხელოვნება
260 _c1988
300 _a512გვ.ილ.21სმ.
653 _aისტ.რომანი
653 _aფარნავაზ
942 _cBK
999 _c42300
_d42300